[Event "6th Parsvnath Open"]
[Site "New Delhi IND"]
[Date "2008.01.18"]
[Round "8"]
[White "Santu,M"]
[Black "Thejkumar,M"]
[Result "0-1"]
[WhiteElo "2183"]
[BlackElo "2382"]

1.c4 e6 2.Nf3 d5 3.d4 Nf6 4.g3 Bb4+ 5.Bd2 a5 6.a3 Be7 7.Qc2 c6 8.Bg2 O-O
9.O-O Nbd7 10.b3 b6 11.Bc3 Ba6 12.Nbd2 Rc8 13.e4 a4 14.Rfe1 axb3 15.Qxb3 Nxe4
16.Nxe4 Bxc4 17.Qa4 b5 18.Qc2 dxe4 19.Qxe4 Bd5 20.Qb1 Ra8 21.Bb4 Ra4 22.Qb2 Nb6
23.Bxe7 Qxe7 24.Ne5 Nc4 25.Nxc4 bxc4 26.Re3 Qd6 27.Bf1 Rc8 28.Rc3 g6 29.Qc1 c5
30.dxc5 Qxc5 31.Ra2 Qd4 32.Bg2 Rb8 33.Rd2 Qe5 34.Re3 Qf5 35.Rb2 Raa8 36.Re1 Qf6
37.Rc2 Ra7 38.Qe3 Rab7 39.Rec1 Rb3 40.Qc5 Qf5 41.h3 Rb1 42.Kh2 Rxc1 43.Rxc1 Rb2
44.Kg1 Qd3 45.a4 Qd2 46.Ra1 c3 47.Bxd5 exd5 48.Rf1 c2 49.Qe7 c1=Q 50.Qe8+ Kg7
51.Qe5+ Kh6  0-1

[Event "6th Parsvnath Open"]
[Site "New Delhi IND"]
[Date "2008.01.18"]
[Round "8"]
[White "Joshi,GB"]
[Black "Saptarshi,R"]
[Result "1/2-1/2"]
[WhiteElo "2246"]
[BlackElo "2404"]

1.c4 e6 2.Nf3 d5 3.g3 Nf6 4.Bg2 Be7 5.O-O O-O 6.b3 a5 7.Nc3 c6 8.Bb2 Na6
9.d4 b6 10.Ne5 Bb7 11.e4 Bb4 12.exd5 cxd5 13.Qe2 Re8 14.Rac1 Bxc3 15.Bxc3 Qe7
16.Rfe1 Nc7 17.a4 Rec8 18.c5 Nce8 19.Bb2 bxc5 20.dxc5 Ba6 21.Qe3 Nd7 22.c6 Nxe5
23.Bxe5 Qb4 24.Red1 Nd6 25.Rd4 Nf5 26.Rxb4 Nxe3 27.Rb5 Nxg2 28.Rxa5 f6 29.b4 fxe5
30.b5 d4 31.Kxg2 d3 32.Kf3 d2 33.Rd1 Bxb5 34.Rxb5 e4+ 35.Kf4 Rxa4 36.Rxd2 Rc4
37.Rb7 R4xc6 38.Rdd7 e5+ 39.Kxe4 Rg6 40.Kxe5 h6 41.f4 Re8+ 42.Re7 Rxe7+ 43.Rxe7 Ra6
44.h4 h5  1/2-1/2

[Event "GMA2"]
[Site "Marianske Lazne CZE"]
[Date "2008.01.19"]
[Round "1"]
[White "Vokac,M"]
[Black "Serafimov,T"]
[Result "1/2-1/2"]
[WhiteElo "2435"]
[BlackElo "2356"]

1.c4 e6 2.Nf3 d5 3.b3 Nf6 4.Bb2 Be7 5.g3 dxc4 6.bxc4 b6 7.Bg2 Bb7 8.O-O O-O
9.Nc3 c5 10.d3 Nc6 11.e3 Rc8 12.Qe2 Qc7 13.Rfd1 Rfd8 14.Ne1  1/2-1/2

[Event "IMB2"]
[Site "Marianske Lazne CZE"]
[Date "2008.01.21"]
[Round "3"]
[White "Jedlicka,A"]
[Black "Nilsson,S"]
[Result "1-0"]
[WhiteElo "2318"]
[BlackElo "2201"]

1.c4 e6 2.Nf3 d5 3.d4 c6 4.e3 Nf6 5.Nbd2 c5 6.dxc5 Bxc5 7.Qc2 Bb6 8.Bd3 O-O
9.O-O Nc6 10.a3 h6 11.b4 a6 12.Bb2 Qe7 13.e4 dxc4 14.Nxc4 Bc7 15.Rad1 b5
16.e5 Nd5 17.Ncd2 Bd7 18.Ne4 Rfc8 19.Nc5 Be8 20.Bh7+ Kh8 21.Be4 a5 22.Bxd5 exd5
23.Qd2 axb4 24.e6 fxe6 25.axb4 Nxb4 26.Qxh6+ Kg8 27.Qxe6+ Qxe6 28.Nxe6 Bh5
29.Rd4 Bd6 30.g4 Rc2 31.gxh5 Rxb2 32.Rg4 Kf7 33.Nxg7 Nd3 34.Nf5 Bc5 35.Rg6 Rh8
36.Ng5+ Ke8 37.Rd1 Nf4 38.Rg7 Ba3 39.Nd6+ Kd8 40.Ndf7+ Ke7 41.Nxh8+ Kf6 42.h6 b4
43.Rf7+ Kxg5 44.h7 b3 45.Rxf4 Ra2 46.Nf7+ Kxf4 47.h8=Q b2 48.Qe5+ Kf3 49.Qxd5+  1-0

[Event "GMA2"]
[Site "Marianske Lazne CZE"]
[Date "2008.01.22"]
[Round "4"]
[White "Serafimov,T"]
[Black "Meister,Y"]
[Result "0-1"]
[WhiteElo "2356"]
[BlackElo "2491"]

1.c4 e6 2.Nf3 d5 3.d4 Nf6 4.Nc3 Bb4 5.cxd5 exd5 6.Bg5 h6 7.Bxf6 Qxf6 8.Qb3 Qd6
9.a3 Bxc3+ 10.Qxc3 O-O 11.e3 Bf5 12.Bd3 Bxd3 13.Qxd3 a5 14.b3 Nd7 15.O-O c6
16.b4 axb4 17.axb4 b5 18.Qc3 Ra4 19.Rxa4 bxa4 20.Rc1 Rb8 21.Qxc6 Qxc6 22.Rxc6 Rxb4
23.Kf1 Nb6 24.Nd2 a3 25.Rc2 Nc4 26.Ke2 Rb2 27.Rxb2 Nxb2 28.Nb3 f5 29.Kd2 Kf7
30.Kc2 g5 31.Nc1 h5 32.Kb3 Nc4 33.Nd3 Ke6 34.g3 f4 35.exf4 g4 36.f5+ Kxf5
37.Nf4 Ke4 38.Nxh5 Kxd4 39.Nf6 Ne5 40.Kxa3 Kc4 41.Kb2 Nd3+ 42.Kc2 Nxf2 43.Nh5 d4
44.Nf4 d3+ 45.Kd2 Ne4+ 46.Ke3 d2 47.Ke2 Kc3 48.Nd5+ Kc2 49.Nb4+ Kb2 50.Kd1 Kc3
51.Nd5+ Kd3 52.Nf4+ Ke3 53.Nd5+ Kf3 54.Nf4 Kf2 55.Nd5 Kf3 56.Nf4 Ke3 57.Nd5+ Kd3
58.Nf4+ Kd4 59.Ng2 Kc3 60.Ke2 Kc2 61.Ne3+ Kc1 62.Kd3 Nd6 63.Ke2 Nf5  0-1

[Event "FINEC GMB"]
[Site "St Petersburg RUS"]
[Date "2008.01.27"]
[Round "4"]
[White "Tihonov,J"]
[Black "Sudakova,I"]
[Result "1-0"]
[WhiteElo "2497"]
[BlackElo "2333"]

1.c4 e6 2.Nf3 d5 3.e3 Nf6 4.Nc3 c6 5.b3 Bd6 6.Bb2 Nbd7 7.Qc2 O-O 8.Be2 Re8
9.O-O e5 10.cxd5 Nxd5 11.Ne4 Bf8 12.Ng3 a5 13.d4 exd4 14.Bxd4 N7f6 15.Rad1 a4
16.bxa4 Qa5 17.Bc4 Bg4 18.Bb3 Nb4 19.Qb1 Nh5 20.a3 Nd5 21.Ng5 g6 22.Nxh5 Bxh5
23.f3 Bh6 24.Ne4 Bxe3+ 25.Bxe3 Nxe3 26.Nf6+ Kg7 27.Qb2 Kh6 28.Nxe8 Rxe8 29.Rde1 Qb6
30.Rf2 g5 31.Bxf7 Qxb2 32.Rxb2 Bxf7 33.Rbe2 Ra8 34.Rxe3 Rxa4 35.Re7 Bg6 36.R1e3 b5
37.Rc3 b4 38.axb4 Rxb4 39.g4 Rb2 40.Re5 Rb5 41.Rxb5 cxb5 42.Rc6  1-0

[Event "6th Gibtelecom Masters"]
[Site "Gibraltar ENG"]
[Date "2008.01.31"]
[Round "10"]
[White "Zuse,KP"]
[Black "Compton,A"]
[Result "1/2-1/2"]
[WhiteElo "2274"]
[BlackElo "2132"]

1.c4 e6 2.Nf3 d5 3.g3 c5 4.Bg2 Nc6 5.cxd5 exd5 6.d4 Nf6 7.O-O Be7 8.Nc3 O-O
9.Bf4 Bg4 10.Be5 Qd7 11.Bxf6 Bxf6 12.dxc5 Rad8 13.Rc1 Rfe8 14.b3 a6 15.Re1 Qf5
16.Na4 d4 17.Nb2 Nb4 18.Rc4 Nxa2 19.Nxd4 Qd7 20.c6 Qd6 21.c7 Rc8 22.h3 b5
23.Nxb5 Qxd1 24.Nxd1 axb5 25.Rxg4 Rxc7 26.Ne3 Rc1 27.Rxc1 Nxc1 28.Nd5 Nxe2+
29.Kf1 Bb2 30.Nc7 Re5 31.Re4 Nc1 32.Nxb5 Rxe4 33.Bxe4 Nxb3 34.Bd5 Nc5 35.Nd6  1/2-1/2

[Event "ch-Kyiv Men"]
[Site "Kyiv UKR"]
[Date "2008.01.31"]
[Round "11"]
[White "Kruglyakov,P"]
[Black "Shumilov,I"]
[Result "1/2-1/2"]
[WhiteElo "2356"]
[BlackElo "2208"]

1.c4 e6 2.Nf3 d5 3.d4 f5 4.g3 Nf6 5.Bg2 c6 6.O-O Bd6 7.Bf4 Bxf4 8.gxf4 O-O
9.Nbd2 Bd7 10.Ne5 Be8 11.c5 Nbd7 12.b4 a6 13.f3 Kh8 14.Nxd7 Bxd7 15.Qe1 Nh5
16.e3 Qf6  1/2-1/2

[Event "10th TCh-Euro sen"]
[Site "Dresden GER"]
[Date "2008.02.15"]
[Round "5"]
[White "Gehrmann,R"]
[Black "Cylwik,Z"]
[Result "1/2-1/2"]
[WhiteElo "1991"]
[BlackElo "2073"]

1.c4 e6 2.Nf3 d5 3.d4 c6 4.cxd5 exd5 5.g3 Nf6 6.Bg2 Be7 7.O-O O-O 8.Nc3 Bg4
9.a3 Nbd7 10.Qc2 Re8 11.b4 a6 12.Ne5 Nb6 13.e4 Be6 14.Bb2 dxe4 15.Nxe4 Nxe4
16.Bxe4 h6 17.Rae1 Bd5 18.Bh7+ Kf8 19.Bf5 Bd6 20.Bg4 Qf6 21.Qh7 g5 22.Bh5 Qg7
23.Qc2 Re7 24.Re2 Qf6 25.Qh7 Qg7 26.Qf5 Kg8 27.Ng4 Rxe2 28.Nf6+ Kh8 29.Bxe2 Be6
30.Qf3 Nd5 31.Nh5 Qf8 32.Bd3 Re8 33.Nf6 Rd8 34.Re1 Qg7 35.Nh5 Qg8 36.Be4 Be7
37.Bf5 g4 38.Qe4 Bxf5 39.Qxf5 Qg6 40.Qe5+ f6 41.Nf4 fxe5 42.Nxg6+ Kg7 43.Nxe7 Nxe7
44.Rxe5 Nd5 45.Re4 h5 46.Re5 Kg6 47.Bc1 Rh8 48.Kf1 Rh7 49.Ke2 Re7 50.f4 gxf3+
51.Kxf3 Rxe5 52.dxe5 Kf5 53.Bb2 Nb6 54.e6 Kxe6 55.Kf4 Nc4 56.Bc1 h4 57.g4 Ne5
58.Be3 Nc4 59.h3 Nxa3 60.Ke4 Nc4 61.Bf2 b6 62.Bxh4 a5 63.bxa5 Nxa5 64.Bd8 Nc4
65.Kd4 b5 66.Kc5 Kd7 67.Bf6 Nd6 68.Bd4 Ne4+ 69.Kb4 Ke6 70.h4 Nf6 71.g5 Ng8
72.Kc5 Kf5 73.Kxc6 b4 74.Kd7 Kg4 75.Ke6 Kxh4 76.g6 Kh5 77.g7 Kg6  1/2-1/2

[Event "XXIV Open"]
[Site "Cappelle La Grande FRA"]
[Date "2008.02.17"]
[Round "2"]
[White "Spraggett,K"]
[Black "Peric,Sl"]
[Result "1-0"]
[WhiteElo "2588"]
[BlackElo "2258"]

1.c4 e6 2.Nf3 d5 3.g3 Nf6 4.Bg2 Be7 5.O-O O-O 6.b3 c5 7.e3 Nc6 8.Bb2 Ne4
9.Na3 Bf6 10.d4 b6 11.Qe2 Ba6 12.Rfd1 cxd4 13.exd4 Rc8 14.Rac1 Be7 15.Nb5 Bxb5
16.cxb5 Nb8 17.Ne5 Nf6 18.Rxc8 Qxc8 19.Bh3 Bd6 20.Rc1 Qe8 21.a3 Qe7 22.b4 Re8
23.Rc3 Ne4 24.Rc1 Qb7 25.f3 Nf6 26.Re1 Bxe5 27.dxe5 Nfd7 28.Bf1 Rc8 29.Qd1 a6
30.bxa6 Nxa6 31.Bd3 b5 32.f4 Nc7 33.Qe2 Qa7+ 34.Kg2 Nb6 35.Bd4 Qa6 36.Rf1 Nc4
37.f5 exf5 38.Bxf5 Ne6 39.Bxh7+ Kxh7 40.Qh5+ Kg8 41.Qxf7+ Kh8 42.Rf5 Nxd4
43.Rh5+ Qh6 44.Rxh6+ gxh6 45.e6 Ne3+ 46.Kh3  1-0

[Event "1st Pfalz Open"]
[Site "Neustadt a.d. Weinstrasse GER"]
[Date "2008.02.21"]
[Round "7"]
[White "Postny,E"]
[Black "Haba,P"]
[Result "1/2-1/2"]
[WhiteElo "2627"]
[BlackElo "2536"]

1.c4 e6 2.Nf3 d5 3.d4 c6 4.Qc2 dxc4 5.Qxc4 b5 6.Qc2 Bb7 7.e4 Nd7 8.Bd3 a6
9.a4 Ngf6 10.Bg5 Bb4+ 11.Nbd2 h6 12.Bxf6 Qxf6 13.O-O O-O 14.e5 Qe7 15.Bh7+ Kh8
16.Be4 Rfb8 17.Rfc1 c5 18.Bxb7 Rxb7 19.axb5 Bxd2 20.Rxa6 Rab8 21.Qxd2 Rxb5
22.d5 exd5 23.Qxd5 c4 24.Qxc4 Nxe5 25.Nxe5 Rxe5 26.Qc3 Kg8 27.Ra7 Qe6 28.h3 Re2
29.b4 Qb6 30.Rxf7 Kxf7 31.Qf3+ Kg8 32.Qxe2 Qxb4 33.Qe5 Rf8 34.Rc7 Qb1+ 35.Kh2 Qg6
36.f3 Qf6 37.Qg3 Rf7 38.Rxf7 Qxf7 39.Qe5 h5 40.h4 g6 41.Kg3 Kh7 42.Qd6 Qa7
43.Kf4 Qf7+ 44.Ke3 Qb3+ 45.Qd3 Qb6+ 46.Qd4 Qb3+ 47.Kf4 Qf7+ 48.Kg3 Qc7+ 49.Qf4 Qa7
50.Qe5 Qf7 51.Qc5 Qd7 52.Kh2 Qf7 53.Qd6 Qa7 54.Kh3 Qb7 55.Qe5 Qd7+ 56.Kg3 Qf7
57.Qc3 Qe7 58.Qd4 Qf7 59.Qe4 Qc7+ 60.Kf2 Qa7+ 61.Qe3 Qa2+ 62.Qe2 Qa7+ 63.Kg3 Qc7+
64.Kh3 Qd7+ 65.Kh2 Qc7+ 66.g3 Qd7 67.Kg2 Qc7 68.Qd2 Qb7 69.Qd4 Qc7 70.Kf2 Qe7
71.Qe3 Qc7 72.Qb3 Qe7 73.Qb6 Qg7 74.Qc5 Qa1 75.Qe7+ Kg8 76.Qd8+ Kh7 77.Qc7+ Kh6
78.Qf4+ Kg7 79.Qc7+ Kh6 80.Qe7 Qb2+ 81.Qe2 Qa1 82.Qd2+ Kh7 83.Qd7+ Kh6 84.Qe8 Kg7
85.Qe7+ Kg8 86.Qb4 Kh7 87.Qb6 Kg7 88.Qc5 Kh7 89.Ke2 Qb2+ 90.Ke3 Qb3+ 91.Kf4 Qf7+
92.Kg5 Qg7 93.Qd6 Qf7 94.Qe5 Qd7 95.Qc5 Qd8+ 96.Kf4 Qd2+ 97.Ke5 Qe2+ 98.Kf4 Qd2+
99.Qe3 Qd6+ 100.Qe5 Qd2+ 101.Ke4 Qe2+ 102.Kd5 Qxf3+ 103.Ke6 Qb7 104.Qd6 Qe4+
105.Kf6 Qf5+ 106.Ke7 Qe4+ 107.Kf7 Qf5+ 108.Ke7 Qe4+ 109.Kf8 Qf5+ 110.Ke8 Qe4+
111.Kf7 Qf5+ 112.Qf6 Qxf6+ 113.Kxf6 Kh6 114.Kf7 g5 115.Kf6 gxh4 116.gxh4  1/2-1/2

[Event "ch-ROU"]
[Site "Cluj ROU"]
[Date "2008.02.26"]
[Round "2"]
[White "Helmer,J"]
[Black "Miron,L"]
[Result "0-1"]
[WhiteElo "2250"]
[BlackElo "2408"]

1.c4 e6 2.Nf3 d5 3.b3 Nf6 4.Bb2 c5 5.e3 Nc6 6.d4 Be7 7.Be2 O-O 8.O-O b6 9.Nbd2 Bb7
10.Rc1 Ne4 11.Qc2 f5 12.Rfd1 Qe8 13.Ne5 Nxe5 14.dxe5 Qg6 15.Bf1 Rad8 16.g3 h5
17.Bg2 h4 18.Nf1 hxg3 19.hxg3 Kf7 20.Bc3 Qh5 21.f4 Rh8 22.Be1 Qg6 23.Qe2 Rh6
24.g4 fxg4 25.Ng3 Nxg3 26.Bxg3 Qf5 27.e4 Qh7 28.exd5 exd5 29.cxd5 c4 30.Rxc4 Bc5+
31.Rxc5 bxc5 32.Qc4 Ba6 33.Qxc5 Rc8 34.e6+ Kg8 35.Qxa7 Be2 36.Qf7+ Kh8 37.Re1 Bf3
38.f5 Bxg2 39.e7 Rh1+ 40.Kf2 Rc2+ 41.Re2 Rf1+ 42.Ke3 Qh6+ 43.Kd3 Rd1+  0-1

[Event "XI Open"]
[Site "Malaga ESP"]
[Date "2008.02.26"]
[Round "5"]
[White "Mirzoev,A"]
[Black "Doric,D"]
[Result "1-0"]
[WhiteElo "2518"]
[BlackElo "2465"]

1.c4 e6 2.Nf3 d5 3.d4 c6 4.Nbd2 Nf6 5.g3 c5 6.cxd5 exd5 7.Bg2 Nc6 8.O-O Bf5
9.dxc5 Bxc5 10.Nb3 Bb6 11.Nbd4 Be4 12.Nxc6 bxc6 13.Qa4 O-O 14.Qxc6 Rc8 15.Qb5 Rc5
16.Qb3 Rc2 17.Bd2 Qc8 18.Rac1 Rxc1 19.Rxc1 Qa6 20.e3 Qe2 21.Qd1 Qa6 22.a3 Rd8
23.Bc3 Ng4 24.Qd2 h5 25.h3 Nh6 26.Bf1 Qb7 27.Nd4 Qd7 28.Ba5 Rb8 29.Bxb6 Rxb6
30.b4 Rg6 31.Qc3 Kh7 32.Qc7 Qa4 33.Qa5 Qd7 34.Qc7 Qa4 35.Qc3 Qd7 36.Qc8 Qa4
37.Ra1 Rb6 38.Qf8 Qd7 39.Rc1 Rf6 40.b5 Nf5 41.Rc6 Nd6 42.a4 Rg6 43.Kh2 Nc4
44.Rxg6 fxg6 45.Bg2 Bxg2 46.Kxg2 Qc7 47.h4 Qe5 48.Qf4 Qe7 49.Nf3 Nd6 50.Qe5 Qd7
51.Qxd5  1-0

[Event "25th Festival Open A"]
[Site "Bled SLO"]
[Date "2008.02.27"]
[Round "6"]
[White "Sebenik,M"]
[Black "Sveshnikov,E"]
[Result "1/2-1/2"]
[WhiteElo "2479"]
[BlackElo "2506"]

1.c4 e6 2.Nf3 d5 3.g3 dxc4 4.Bg2 Nd7 5.Qc2 a6 6.Na3 Bxa3 7.bxa3 Ngf6 8.Bb2 Rb8
9.a4 O-O 10.O-O Re8 11.Rfc1 e5 12.Qxc4 c6 13.d3 Qc7 14.e4 Nf8 15.Qc3 Ng6
16.h3 Bd7 17.a5 h6 18.Re1 Rbd8 19.Rad1 c5 20.d4 exd4 21.Nxd4 Qc8 22.Nf5 Bxf5
23.exf5 Rxd1 24.Rxd1 Qxf5 25.Re1 Rxe1+ 26.Qxe1 Qd7 27.Qc3 Qc7 28.Ba3 b6 29.axb6 Qxb6
30.Qxc5 Qb1+ 31.Bf1 Qxa2 32.Qc8+ Kh7 33.Qxa6  1/2-1/2

[Event "58th ch-RUS w 1st liga"]
[Site "Smolensk RUS"]
[Date "2008.02.29"]
[Round "3"]
[White "Karibaeva,E"]
[Black "Semenova,E"]
[Result "1-0"]
[WhiteElo "2153"]
[BlackElo "2012"]

1.c4 e6 2.Nf3 d5 3.b3 Nf6 4.Bb2 c5 5.g3 Nc6 6.Bg2 d4 7.O-O Be7 8.d3 O-O 9.Na3 e5
10.Nc2 Bg4 11.h3 Bxf3 12.Bxf3 Ne8 13.a3 f5 14.b4 Qd7 15.bxc5 Bxc5 16.Bd5+ Kh8
17.f4 exf4 18.gxf4 Nc7 19.Bg2 Rae8 20.Qd2 Re6 21.Rae1 Rfe8 22.Kh2 Qd6 23.e4 fxe4
24.dxe4 Rd8 25.Qd3 Rf8 26.e5 Qd7 27.Re4 Ree8 28.Qg3 Rd8 29.Rd1 Ne6 30.Ne1 Ne7
31.Nf3 Nf5 32.Qe1 Qa4 33.Bc1 Bxa3 34.Bd2 Nc5 35.Ng5 h6 36.Qe2 hxg5 37.Qh5+ Kg8
38.Ree1 Qxc4 39.fxg5 g6 40.Qxg6+ Ng7 41.Qh6 Nf5 42.Qg6+ Kh8 43.e6 Nd3 44.Rf1 Qc7+
45.Kg1 Qg7 46.Qh5+ Kg8 47.Rf3 Ne3 48.Bxe3 dxe3 49.Rf7 Rxf7 50.exf7+ Qxf7
51.g6 Qg7 52.Bd5+ Kf8 53.Qf5+ Ke8 54.Qxd3 Be7 55.Qb5+ Kf8 56.Rf1+ Bf6 57.Qc5+ Ke8
58.Bf7+  1-0

[Event "XXIII Open"]
[Site "Reykjavik ISL"]
[Date "2008.03.06"]
[Round "4"]
[White "Johannesson,I"]
[Black "Ingvason,J"]
[Result "1-0"]
[WhiteElo "2338"]
[BlackElo "2105"]

1.c4 e6 2.Nf3 d5 3.g3 Nf6 4.Bg2 c6 5.Qc2 Be7 6.O-O Nbd7 7.d4 dxc4 8.Qxc4 h5
9.Nc3 Nd5 10.e4 N5b6 11.Qe2 h4 12.a4 a5 13.Rd1 hxg3 14.hxg3 Nf6 15.Bf4 Nbd7
16.d5 Nh5 17.dxe6 fxe6 18.Be3 Qc7 19.Rac1 Ndf6 20.e5 Nd5 21.Bg5 Nxg3 22.fxg3 Qb6+
23.Qf2 Bc5 24.Nd4 Rf8 25.Nxd5 exd5 26.Qe3 Qxb2 27.Rxc5  1-0

[Event "65th ch-GEO w"]
[Site "Tbilisi GEO"]
[Date "2008.03.07"]
[Round "8"]
[White "Dzagnidze,N"]
[Black "Melia,S"]
[Result "1/2-1/2"]
[WhiteElo "2429"]
[BlackElo "2362"]

1.c4 e6 2.Nf3 d5 3.b3 Nf6 4.Bb2 Be7 5.g3 O-O 6.Bg2 a5 7.Nc3 Bd7 8.Ne5 Be8
9.O-O a4 10.bxa4 Nc6 11.d4 dxc4 12.Nxc4 Qxd4 13.Qb3 Qa7 14.Nb5 Qxa4 15.Nxc7 Qxb3
16.axb3 Rxa1 17.Rxa1 Bd7 18.Rd1 Bc8 19.Nb5 Bc5 20.Bf3 Nb4 21.Ba3 Nd7 22.Nbd6 Nd5
23.b4 Bxd6 24.Nxd6 N7b6 25.b5 Bd7 26.e4 Nf6 27.Rc1 Ra8 28.Bc5 Nc8 29.Nxb7 Bxb5
30.Rd1 Bd7 31.g4 h6 32.h4 Rb8 33.g5 hxg5 34.hxg5 Rxb7 35.gxf6 Rc7 36.Be7 Nxe7
37.fxe7 Be8 38.Rd8 Rxe7 39.e5 Kh7 40.Be4+ g6 41.f4 Bb5 42.Rb8 Bc4 43.Rc8 Be2
44.Kf2 Bg4 45.Kg3 Bf5 46.Bxf5 gxf5 47.Ra8 Kg7 48.Kf3 Rb7 49.Rc8 f6 50.exf6+ Kxf6
51.Rc6 Rb3+ 52.Kf2 Ke7 53.Ke2 Kd7 54.Ra6 Rc3 55.Rb6 Rc6 56.Rb8 Ra6 57.Ke3 Ra3+
58.Ke2 Kd6 59.Rd8+ Kc5 60.Rd7 Ra4 61.Ke3 Re4+ 62.Kf3 Rd4 63.Rc7+ Kd6 64.Rc8 Rd5
65.Ke3 Rc5 66.Rd8+ Ke7 67.Ra8 Rb5 68.Ra6 Rb4 69.Rc6 Re4+ 70.Kf3 Rd4 71.Ke3 Rd6
72.Rc7+ Kf6 73.Ra7 e5 74.fxe5+ Kxe5 75.Ra4 Rd5 76.Rb4 Ra5 77.Rb3 Ra4 78.Rb5+ Kf6
79.Rb8 Kg5 80.Rg8+  1/2-1/2

[Event "65th ch-GEO w"]
[Site "Tbilisi GEO"]
[Date "2008.03.09"]
[Round "10"]
[White "Dzagnidze,N"]
[Black "Tsatsalashvili,K"]
[Result "1-0"]
[WhiteElo "2429"]
[BlackElo "2214"]

1.c4 e6 2.Nf3 d5 3.b3 d4 4.g3 c5 5.Bg2 Nc6 6.O-O Nf6 7.Na3 h6 8.Nc2 e5 9.d3 Bd6
10.a3 a5 11.Bd2 O-O 12.b4 Nd7 13.Nh4 Ne7 14.e3 dxe3 15.fxe3 axb4 16.axb4 Rxa1
17.Qxa1 cxb4 18.Nxb4 Nc5 19.Qb1 g5 20.Nf3 Bf5 21.e4 Bc8 22.Nd5 Nxd5 23.exd5 Re8
24.d4 exd4 25.Nxd4 Be5 26.Nf5 Bxf5 27.Qxf5 Bd4+ 28.Kh1 Qd7 29.Qf3 Ne4 30.Bb4 Nf2+
31.Rxf2 Bxf2 32.Qxf2 f5 33.d6 Kh7 34.Qf3 Ra8 35.h4 Ra7 36.Qe3  1-0

[Event "2nd Agzamov Memorial"]
[Site "Tashkent UZB"]
[Date "2008.03.19"]
[Round "1"]
[White "Vahidov,M"]
[Black "Zinchenko,Ya"]
[Result "0-1"]
[WhiteElo "2179"]
[BlackElo "2516"]

1.c4 e6 2.Nf3 d5 3.g3 dxc4 4.Qa4+ Nd7 5.Bg2 a6 6.Qxc4 b5 7.Qc2 Bb7 8.b3 Ngf6
9.Bb2 c5 10.O-O Be7 11.d3 O-O 12.Nbd2 Rc8 13.Rac1 Qb6 14.Ne5 Nxe5 15.Bxe5 Bd5
16.Qb1 Nd7 17.Ba1 Qb7 18.Bxd5 exd5 19.e4 Rfd8 20.Rfe1 Nb6 21.e5 d4 22.Qc2 Qd5
23.Qd1 Qe6 24.Nf3 Nd5 25.Qe2 Qg6 26.e6 f5 27.Kf1 f4 28.Qe4 Qxe4 29.dxe4 Nb4
30.Ne5 Nxa2  0-1

[Event "39th Open"]
[Site "Mar del Plata ARG"]
[Date "2008.03.20"]
[Round "7"]
[White "Perdomo,C"]
[Black "Mussanti,D"]
[Result "1/2-1/2"]
[WhiteElo "2351"]
[BlackElo "2314"]

1.c4 e6 2.Nf3 d5 3.d4 Nf6 4.Nc3 Be7 5.cxd5 exd5 6.Bg5 O-O 7.e3 c6 8.Bd3 Nbd7
9.Qc2 Re8 10.O-O Nf8 11.Rab1 Bd6 12.b4 Bg4 13.b5 Ng6 14.bxc6 bxc6 15.Nh4 h6
16.Bxf6 Qxf6 17.Nf5 Bb8 18.Na4 Nh4 19.Nxh4 Qxh4 20.g3 Qf6 21.Rfc1 Rc8 22.Rb3 Bd6
23.Rc3 Bd7 24.Nc5 Bxc5 25.Rxc5 Re8 26.Bf1 Rab8 27.Rc3 Rb6 28.Rb3 Reb8 29.Rxb6 axb6
30.Qa4 Qd6 31.Qa7 g6 32.Bg2 Kg7 33.a4 b5 34.axb5 Rxb5 35.Qa2 Qb8 36.h4 Rb2
37.Qa3 h5 38.e4 dxe4 39.Bxe4 Qb4 40.Qxb4  1/2-1/2

[Event "15th Belisce Metalis Open"]
[Site "Bizovac CRO"]
[Date "2008.03.21"]
[Round "2"]
[White "Grecescu,G"]
[Black "Segovic,G"]
[Result "0-1"]
[WhiteElo "2383"]
[BlackElo "2126"]

1.c4 e6 2.Nf3 d5 3.b3 Nf6 4.Bb2 Be7 5.e3 O-O 6.Be2 c6 7.O-O Nbd7 8.Nc3 b6
9.Rc1 Bb7 10.Qc2 Rc8 11.Qb1 a6 12.d4 Qc7 13.Bd3 Qb8 14.Rfe1 h6 15.Rcd1 Rfd8
16.e4 dxe4 17.Nxe4 Nxe4 18.Bxe4 Bf6 19.Bc1 c5 20.d5 exd5 21.cxd5 Qd6 22.g3 Ne5
23.Bf4 Nxf3+ 24.Bxf3 Qd7 25.Be5 Bxe5 26.Rxe5 Re8 27.Rf5 Qd6 28.Rf4 Rc7 29.h4 Rce7
30.b4 Rc8 31.bxc5 bxc5 32.Qc2 Re5 33.Qb3 Ba8 34.Ra4 Rd8 35.Qc4 Bb7 36.Bg2 Kf8
37.Ra5 Rc8 38.Qb3 Rc7 39.Qc3 Re8 40.Rc1 Rec8 41.Qc4 Qb6 42.Ra4 Qd6 43.Rc3 Re8
44.Ra5 Rec8 45.Rb3 Rd8 46.Rd3 Re8 47.Rc3 Rec8 48.Kh2 Qb6 49.Ra4 Qd6 50.Qg4 Rd8
51.Rd3 Rcd7 52.Rf4 Kg8 53.Be4 Re7 54.Rd2 Bc8 55.Qf3 Rde8 56.Bc2 g6 57.Rf6 Qd7
58.h5 Qh3+  0-1

[Event "ch-Siberia"]
[Site "Novokuznetsk RUS"]
[Date "2008.03.21"]
[Round "9"]
[White "Popov,Ro2"]
[Black "Sinitsin,R"]
[Result "1-0"]
[WhiteElo "2338"]
[BlackElo "2279"]

1.c4 e6 2.Nf3 d5 3.d4 Nf6 4.g3 dxc4 5.Bg2 Nc6 6.Qa4 Bb4+ 7.Bd2 Nd5 8.Bxb4 Nxb4
9.a3 b5 10.Qxb5 Nc2+ 11.Kd2 Nxa1 12.Qxc6+ Bd7 13.Qxc4 c5 14.Qa2 Rc8 15.Qxa1 cxd4
16.b4 Bc6 17.Rc1 O-O 18.Qb2 Be4 19.Ke1 Qf6 20.Nbd2 d3 21.Qa1 Bxf3 22.Bxf3 Rc2
23.Rd1 Rb2 24.Nc4 dxe2 25.Bxe2 Qc3+ 26.Kf1 Rc2 27.Qxc3 Rxc3 28.Rd7 Rc1+ 29.Kg2 Rc2
30.Kf3 a6 31.Bd3 Rc1 32.Ke3 f5 33.Ra7 Rc8 34.Nd6 Rd8 35.Rxa6 e5 36.Bxf5  1-0

[Event "15th Belisce Metalis Open"]
[Site "Bizovac CRO"]
[Date "2008.03.23"]
[Round "6"]
[White "Grecescu,G"]
[Black "Cajzler,H"]
[Result "1-0"]
[WhiteElo "2383"]
[BlackElo "2182"]

1.c4 e6 2.Nf3 d5 3.b3 Nf6 4.Bb2 Be7 5.e3 Nbd7 6.Be2 c6 7.O-O O-O 8.Nc3 Re8
9.Rc1 Bd6 10.Qc2 a6 11.d4 Qe7 12.Rfd1 b5 13.e4 dxe4 14.Nxe4 Nxe4 15.Qxe4 Bb7
16.c5 Bc7 17.Bd3 Nf8 18.Bb1 Rad8 19.Re1 Rd5 20.b4 a5 21.a3 axb4 22.axb4 Ra8
23.Qe2 Rdd8 24.Ne5 Ra4 25.Bc3 Ra3 26.g3 Rda8 27.Be4 R8a6 28.Qd2 f6 29.Nd3 Qf7
30.f4 Bc8 31.Nf2 Bd7 32.Bb2 Rb3 33.Ra1 Ra4 34.Rxa4 bxa4 35.Ra1 Qe8 36.Rxa4 Qb8
37.Bd3 g5 38.Bc4 Rxb2 39.Qxb2 gxf4 40.Ne4 fxg3 41.hxg3 Kg7 42.Qa3 Qe8 43.Ra7 Qd8
44.Kg2 f5 45.Nd6 h5 46.Qe3 Ng6 47.Bxe6 f4 48.Qe4 fxg3 49.Bxd7 Bxd6 50.Be8+  1-0

[Event "Spring Open"]
[Site "Belgrade SCG"]
[Date "2008.03.25"]
[Round "1"]
[White "Pucarevic,M"]
[Black "Karadarevic,S"]
[Result "1/2-1/2"]
[WhiteElo "2227"]
[BlackElo "1831"]

1.c4 e6 2.Nf3 d5 3.g3 c6 4.Bg2 Nf6 5.O-O Nbd7 6.b3 Be7 7.Bb2 O-O 8.d3 Ne8
9.Qc2 Bf6 10.d4 Nd6 11.Nbd2 g6 12.Ba3 Be7 13.Rfe1 f5 14.cxd5 exd5 15.e3 Nf6
16.Ne5 Nde4 17.Bxe7 Qxe7 18.f3 Nxd2 19.Qxd2 Nd7 20.Nd3 Nf6 21.Rac1 Bd7 22.b4 a6
23.a4 Ne8 24.Ne5 Nd6 25.Qc3 Be6 26.Qc5 Rae8 27.Bf1 Nf7 28.Qxe7 Rxe7 29.Nd3 Nd6
30.Ne5 Bd7 31.Bd3 Nf7 32.f4 Nxe5 33.fxe5 Ra8 34.Re2 Be8 35.Rb2 b5 36.Rc5 Rb7
37.Ra2 Rab8 38.axb5 axb5 39.Rc1 Kf8 40.h4 h5 41.Kf2 Ke7 42.Kf3 Bd7 43.Kf4 Kf7
44.Ra6 Rc8 45.Rca1 Ke6 46.Kg5 Ke7 47.Ra8 Rxa8 48.Rxa8 Be8 49.Ra6 Kf7 50.Ra8 Re7
51.g4 hxg4 52.h5 gxh5 53.Bxf5 Kg7 54.e6 g3 55.Ra2 Kf8 56.Kh4 Rg7 57.Rg2 Bg6
58.Bxg6 Rxg6 59.Kxh5 Rxe6 60.Rxg3 Kf7 61.Rf3+ Ke7 62.Kg5 Re4 63.Rh3 Kd6 64.Kf5 Re8
65.Rh6+ Kd7 66.Rh7+ Kd6 67.Rh6+ Kd7 68.Kf4 Re7 69.Rf6 Rh7 70.Rg6 Re7 71.Kf3 Rf7+
72.Ke2 Re7 73.Rg4 Kc7 74.Kd3 Kd6 75.Rg6+ Kd7 76.Rf6 Kc7 77.Ke2 Kd7  1/2-1/2

[Event "FKB ch-USA Qualifier"]
[Site "Tulsa USA"]
[Date "2008.03.30"]
[Round "7"]
[White "Greanias,S"]
[Black "Coleman,M"]
[Result "1/2-1/2"]
[WhiteElo "2122"]
[BlackElo "2209"]

1.c4 e6 2.Nf3 d5 3.g3 Nf6 4.Bg2 Be7 5.O-O O-O 6.d4 c6 7.Nbd2 Nbd7 8.Qc2 b6
9.e4 dxe4 10.Nxe4 Bb7 11.Ne5 Qc8 12.Bg5 Re8 13.Nxd7 Qxd7 14.Nxf6+ gxf6 15.Be3 f5
16.Rfd1 Bf6 17.a4 b5 18.axb5 cxb5 19.d5 Qc8 20.c5 exd5 21.Bxd5 Bxd5 22.Rxd5 Re5
23.Rad1 Qe8 24.Rxe5 Qxe5 25.c6 Rc8 26.Bxa7 Qxb2 27.Qxf5 Rxc6 28.Be3 Qe2 29.Rb1 b4
30.Qe4 Re6 31.Qxb4 Rxe3 32.fxe3 Qxe3+ 33.Kg2 Qe2+ 34.Kh3  1/2-1/2

[Event "ch-NED"]
[Site "Hilversum NED"]
[Date "2008.04.02"]
[Round "1"]
[White "Bosboom,M"]
[Black "De Jong,JW"]
[Result "1/2-1/2"]
[WhiteElo "2471"]
[BlackElo "2474"]

1.c4 e6 2.Nf3 d5 3.e3 Nf6 4.a3 c5 5.d4 dxc4 6.Bxc4 a6 7.O-O b5 8.Ba2 Bb7
9.Nc3 Be7 10.Qe2 O-O 11.Rd1 Nbd7 12.dxc5 Bxc5 13.b4 Ba7 14.Bb2 Rc8 15.Ne5  1/2-1/2

[Event "IX Dos Hermanas Internet"]
[Site "ICC INT"]
[Date "2008.04.05"]
[Round "3.1"]
[White "Sammour Hasbun,J"]
[Black "Jobava,Ba"]
[Result "1-0"]
[WhiteElo "2463"]
[BlackElo "2658"]

1.c4 e6 2.Nf3 d5 3.g3 Nf6 4.Bg2 Be7 5.O-O O-O 6.d4 Nbd7 7.Qc2 c6 8.Nbd2 b6
9.Rd1 Bb7 10.b3 Rc8 11.e4 c5 12.exd5 exd5 13.Bb2 dxc4 14.Nxc4 cxd4 15.Nxd4 Bxg2
16.Kxg2 Qc7 17.Nf5 Bc5 18.Qd2 Qb7+ 19.f3 Rcd8 20.Qg5 g6 21.Rxd7  1-0

[Event "TCh-RUS Major League"]
[Site "Dagomys RUS"]
[Date "2008.04.09"]
[Round "7"]
[White "Chernyshov,K"]
[Black "Yudin,S"]
[Result "1-0"]
[WhiteElo "2550"]
[BlackElo "2531"]

1.c4 e6 2.Nf3 d5 3.d3 c5 4.g3 Nc6 5.cxd5 exd5 6.Bg2 Nf6 7.O-O d4 8.Bg5 h6
9.Bxf6 Qxf6 10.Nbd2 Qd8 11.Rc1 Be6 12.Ne4 b6 13.Qa4 Bd7 14.a3 Be7 15.Bh3 Bxh3
16.Qxc6+ Bd7 17.Qb7 Qc8 18.Qd5 O-O 19.Nxd4 Rd8 20.Rfe1 Be6 21.Nc6 Bh4 22.Qh5 Qxc6
23.Qxh4 f5 24.Nd2 Bf7 25.b4 g5 26.Qh3 Rd5 27.bxc5 Rxc5 28.Rxc5 bxc5 29.Qxf5  1-0

[Event "IX EICC"]
[Site "Plovdiv BUL"]
[Date "2008.04.22"]
[Round "2"]
[White "Lomsadze,D"]
[Black "Petrusic,T"]
[Result "1-0"]
[WhiteElo "2394"]
[BlackElo "1956"]

1.c4 e6 2.Nf3 d5 3.b3 c5 4.Bb2 Nc6 5.cxd5 exd5 6.g3 Bf5 7.Bg2 Nf6 8.O-O d4
9.d3 Be7 10.Nbd2 O-O 11.Rc1 Rc8 12.Nc4 Nd7 13.e4 dxe3 14.Nxe3 Bg6 15.d4 Nb4
16.Qd2 Nd3 17.Rcd1 cxd4 18.Bxd4 b6 19.Nd5 Bd6 20.Nh4 N3e5 21.Nxg6 Nxg6 22.h4 Be5
23.f4 Bxd4+ 24.Qxd4 Nf6 25.f5 Ne7 26.Nxf6+ gxf6 27.Qg4+  1-0